All about diversity / Felicity Brooks ; ... Read More
Available copies
- 1 of 1 copy available at LARL/NWRL Consortium.
Current holds
0 current holds with 1 total copy.
Show Only Available Copies
| Location | Call Number / Copy Notes | Barcode | Shelving Location | Status | Due Date |
|---|---|---|---|---|---|
| Warroad Public Library | e 305 BRO (Text) | 35500006800872 | Main | Available | - |
Record details
- ISBN: 9781805075288
- ISBN: 1805075284
- Physical Description: 32 pages : color illustrations ; 30 cm
- Publisher: London : Usborne Publishing Limited, 2024.
- Copyright: 2021
Content descriptions
| Formatted Contents Note: | What is diversity? -- Amazing humans -- How are we ... Read More |
| Summary, etc.: | "A beautifully illustrated celebration of ... Read More |
Search for related items by subject
| Subject: | Individuality > Juvenile literature. Difference (Psychology) > Juvenile literature. Cultural pluralism > Juvenile literature. Toleration > Juvenile literature. |
| LDR | 02674nam a2200397 i 4500 | ||
|---|---|---|---|
| 001 | 442345 | ||
| 003 | LARL_NWRL_CONSORTIUM | ||
| 005 | 20240726132512.0 | ||
| 008 | 240719t20242021enka j 000 0 eng d | ||
| 040 | . | ‡aIMF ‡beng ‡cIMF ‡erda ‡dOCLCO | |
| 020 | . | ‡a9781805075288 ‡q(hardcover) | |
| 020 | . | ‡a1805075284 ‡q(hardcover) | |
| 035 | . | ‡a(OCoLC)1446570467 | |
| 100 | 1 | . | ‡aBrooks, Felicity, ‡eauthor. ‡1https://id.oclc.org/worldcat/entity/E39PCjHg7BjHrJvJGMKFVgpC6X ‡0(LARL_NWRL_CONSORTIUM)139663 |
| 245 | 1 | 0. | ‡aAll about diversity / ‡cFelicity Brooks ; illustrated by Mar Ferrero ; designed by Frankie Allen ; diversity consultant: Dr. Chandrika Devarakonda. |
| 264 | 1. | ‡aLondon : ‡bUsborne Publishing Limited, ‡c2024. | |
| 264 | 4. | ‡c2021 | |
| 300 | . | ‡a32 pages : ‡bcolor illustrations ; ‡c30 cm | |
| 336 | . | ‡atext ‡2rdacontent | |
| 336 | . | ‡astill image ‡2rdacontent | |
| 337 | . | ‡aunmediated ‡2rdamedia | |
| 338 | . | ‡avolume ‡2rdacarrier | |
| 505 | 0 | . | ‡aWhat is diversity? -- Amazing humans -- How are we different? -- What do we wear? -- What can girls and boys do? -- Different bodies -- Different brains -- Understanding each other -- Different kinds of families -- What do we eat? -- Celebrations and festivals -- Show and tell -- What do you like? |
| 520 | . | ‡a"A beautifully illustrated celebration of diversity which helps young children to understand, value and respect differences of every kind. This dynamic and joyous exploration of difference helps young children learn to respond in a kind and equal way to everyone regardless of shape, size, age, physical and mental ability, gender, race, beliefs, language, culture, national identity, background, and so on. With topics ranging from clothes, hair, music and food to homes, festivals and families, there is plenty for children to talk about as they find out about diversity and see how differences relate to them"--Provided by publisher. | |
| 650 | 0. | ‡aIndividuality ‡vJuvenile literature. | |
| 650 | 0. | ‡aDifference (Psychology) ‡vJuvenile literature. | |
| 650 | 0. | ‡aCultural pluralism ‡vJuvenile literature. | |
| 650 | 0. | ‡aToleration ‡vJuvenile literature. | |
| 700 | 1 | . | ‡aFerrero, Mar, ‡eillustrator. |
| 700 | 1 | . | ‡aAllen, Frankie, ‡ebook designer. |
| 700 | 1 | . | ‡aDevarakonda, Chandrika, ‡ediversity consultant. |
| 901 | . | ‡a442345 ‡bAUTOGEN ‡c442345 ‡tbiblio | |

Add to basket
Permalink
Disable Highlighting